| 000 | 00804cam a2200265 i 4500 | ||
|---|---|---|---|
| 001 | 000008867 | ||
| 003 | DO-SdBNP | ||
| 005 | 20260511134341.0 | ||
| 007 | ta | ||
| 008 | 250422s1989 cu 000 f spa d | ||
| 040 |
_aDO-SdBNP _bspa _cBNPHU _erda |
||
| 041 | _hspa | ||
| 082 |
_axxx _bF363p _222 |
||
| 100 | 1 |
_aFernández Pequeño, José M. _eautor _923419 |
|
| 245 | 1 | 0 |
_aPeriplo santiaguero de Max Henríquez Ureña / _cJosé M. Fernández Pequeño |
| 264 |
_aSantiago de Cuba : _bEdiciones Caseron, _c1989 |
||
| 300 |
_a57 páginas. ; _c24 cm. |
||
| 336 |
_ardacontent _btexto _2txt |
||
| 337 |
_ardamedia _bsin mediación _2n |
||
| 338 |
_ardacarrier _bvolumen _2nc |
||
| 586 | _aPremio ensayo José María Heredia, 1987 | ||
| 590 | _aInventariado,2025,/DG | ||
| 910 | _aDG | ||
| 942 |
_2ddc _cLBS1 |
||
| 999 |
_c58776 _d58776 |
||